000 00698nam a2200265 a 4500
003 AR-BaBNM
005 20251128204559.0
008 082120s2002 ||||||||||||||000 | spa||
020 _a84-236-2501-X
040 _cAR-BaBNM
100 1 _aBallaz, Jesús
245 0 0 _aUn conejo en el sombrero
260 _aBarcelona
_bEdebé
_c1991
300 _a48 p.
_bil.
490 0 _aTucán. Azul
_vv. 5
500 _aRecomendado para niños a partir de 6 años
650 4 _aLITERATURA INFANTIL
650 4 _aLIBROS PARA NIÑOS
650 4 _aCUENTOS DE ANIMALES
650 4 _aCUENTOS DE AVENTURAS
650 4 _aENSEÑANZA DE LA LECTURA
655 _aLITERATURA
942 _cBK
998 _cLAURA
999 _c8007
_d8007